La gestión del deporte a través de la calidad.
Guardat en:
| Autor principal: | |
|---|---|
| Altres autors: | |
| Format: | Desconegut |
| Idioma: | anglès |
| Publicat: |
Barcelona, España:
INDE Publicaciones,
2005
|
| Edició: | Primera edición. |
| Matèries: | |
| Etiquetes: |
Afegir etiqueta
Sense etiquetes, Sigues el primer a etiquetar aquest registre!
|
MARC
| LEADER | 00000 a2200000 4500 | ||
|---|---|---|---|
| 003 | CL-VaPUC | ||
| 005 | 20220407091018.0 | ||
| 008 | 220321b2005 ||||| |||| 00| 0 eng d | ||
| 999 | |c 434341 |d 434339 | ||
| 020 | |a 978-8497290685 | ||
| 040 | |c Pontificia Universidad Católica de Valparaíso | ||
| 082 | 7 | |a 796.069 DOR 2005 |2 22 | |
| 100 | |a Dorado Suárez, Alberto |9 590470 |e autor | ||
| 245 | 1 | 2 | |a La gestión del deporte a través de la calidad. |
| 250 | |a Primera edición. | ||
| 260 | |a Barcelona, España: |b INDE Publicaciones, |c 2005 | ||
| 300 | |a 173 páginas | ||
| 583 | |k Cristina María Rojas Aguilar |c 20220321 | ||
| 650 | 0 | |a Deportes |x Calidad |x Control |9 224367 | |
| 650 | 0 | |a Deportes |x Gestión |9 867488 | |
| 700 | |a Gallardo Guerrero, Leonor |e autora |9 867487 | ||
| 942 | |2 ddc |c BK | ||
| 952 | |0 0 |1 0 |2 ddc |4 0 |6 796_069000000000000_DOR_2005 |7 0 |8 A |9 582017 |a BIBEDU |b BIBEDU |c GEN |d 2022-03-21 |e 74 |g 23163.00 |i 5650199 |o 796.069 DOR 2005 |p 5650199 |r 2022-03-21 |t 1 |v 23163.00 |w 2022-03-21 |y BK |k EFI | ||
| 952 | |0 0 |1 0 |2 ddc |4 0 |6 796_069000000000000_DOR_2005 |7 0 |8 A |9 582018 |a BIBEDU |b BIBEDU |c GEN |d 2022-03-21 |e 74 |g 23163.00 |i 5650200 |o 796.069 DOR 2005 |p 5650200 |r 2022-03-21 |t 2 |v 23163.00 |w 2022-03-21 |y BK |k EFI | ||